00338nam a2200133Ia 4500008004100000041000800041082001800049100001600067245005100083260003000134300000800164365001600172700001600188230718s9999 xx 000 0 und d aeng a005.4'53bLOU aLouden K.C. aCompiler ConstructionbPrinciples And Practice c1997bThomson Publication a582 cRs.b350.00 aLouden K.C.